Elementary topics in differential geometry

Guardat en:
Dades bibliogràfiques
Autor principal: Thorpe, John A (Autor)
Format: Llibre
Idioma:anglès
Publicat: Nueva York Springer-Verlag 1979
Col·lecció:Undergraduate Texts in Mathematics
Matèries:
Etiquetes: Afegir etiqueta
Sense etiquetes, Sigues el primer a etiquetar aquest registre!

MARC

LEADER 00000nam a2200000 a 4500
001 UCQ9491
003 CL-VaPUC
005 20230712125233.0
008 990112e19790000US |||||||||||||||||eng|d
999 |c 278492  |d 278490 
040 |c Pontificia Universidad Católica de Valparaíso 
082 0 4 |a 516.36  |b THO  |2 21 
100 0 |a Thorpe, John A  |e author  |9 424071 
245 1 0 |a Elementary topics in differential geometry 
260 |a Nueva York  |b Springer-Verlag  |c 1979 
300 |a 253 p 
490 0 |a Undergraduate Texts in Mathematics 
583 |a last modification  |c 19990112 00:00:00  |k Rodrigo Vera 
650 0 |a Geometría diferencial   |9 875738  |x Curvas   |x Superficies 
942 |c BK  |2 ddc 
945 |d 19990112 00:00:00  |a crobeson 
952 |0 0  |1 0  |4 0  |6 516_360000000000000_THO_1979  |7 0  |8 A  |9 317075  |a BIBMAT  |b BIBMAT  |d 2019-11-20  |i 1315242  |l 1  |o 516.36 THO 1979  |p 1315242  |r 2025-01-07  |s 2021-06-29  |w 2019-11-20  |y BK  |k MAT